000 01196cam a2200277 a 4500
999 _c6161
_d6161
001 1200229
003 OSt
005 20181005115034.0
008 981112s2000 nyu 001 0 eng
010 _a 98043755
020 _a0151003386
040 _aDLC
_cDLC
_dDLC
050 0 0 _aQA9.58
_b.B47 2000
082 0 0 _a511/.8
_221
100 1 _aBerlinski, David,
_d1942-
245 1 4 _aThe advent of the algorithm :
_bthe idea that rules the world /
_cDavid Berlinski.
260 _aNew York :
_bHarcourt,
_cc2000.
300 _axviii, 345 p. ;
_c24 cm.
500 _aIncludes index.
650 0 _aAlgorithms.
856 4 2 _3Publisher description
_uhttp://www.loc.gov/catdir/description/har021/98043755.html
856 4 2 _3Contributor biographical information
_uhttp://www.loc.gov/catdir/enhancements/fy0733/98043755-b.html
906 _a7
_bcbc
_corignew
_d1
_eocip
_f19
_gy-gencatlg
942 _2lcc
_cBOOKS
_hQA 9.58 .B47 1999